000 01071nam a22002537a 4500
005 20170124103210.0
010 _aB-072779
020 _c300.00
_a8170562430
035 _aB-072779
037 _bCen Lib/Ret
040 _aDPL
_bHN
082 _a025.1
_bव्यासए
100 _aव्यास, एस. डी.
_996187
245 _aपुस्तकालय प्रबन्ध /
_cएस. डी. व्यास
246 _aPustkalaya prabhand /
_bby S. D. Vyas
260 _aजयपुर
_bपंचशील प्रकाशन
_c2002
270 _aफिल्म कॉलोनी, चौड़ा रास्ता
_bजयपुर
_e302003
300 _a256पृ.
_c21सेमी(सजिल्द)
650 _aपुस्तकालय प्रबन्ध
_996188
650 _aपुस्तकालय प्रबन्ध--नियोजन
_996189
650 _aLibrary Management
_996190
650 _aLibrary Management--Planning
_996191
942 _2ddc
_cHN
_h025.1
_mव्यासए
999 _c121284
_d121284